[Event "IND-ch U17 20th"]
[Site "Chakradharpur"]
[Date "2009.10.07"]
[Round "1"]
[White "Bitan, Banerjee"]
[Black "Patel, Divya"]
[Result "1-0"]
[WhiteElo "2306"]
[BlackElo "1706"]
[PlyCount "85"]
[EventDate "2009.10.07"]
[EventType "swiss"]
[EventRounds "11"]
[EventCountry "IND"]
[SourceTitle "CBM 132 Extra"]
[Source "ChessBase"]
[SourceDate "2009.11.03"]
[SourceVersion "1"]
[SourceVersionDate "2009.11.03"]
[SourceQuality "1"]

1. d4 Nf6 2. c4 e6 3. Nf3 Bb4+ 4. Nbd2 0-0 5. a3 Bxd2+ 6. Bxd2 h6 7. g3 d5 8. Bg2 Nc6 9. Qc2 dxc4 10. Qxc4 Qd5 11. Qd3 Rd8 12. Bc3 Qe4 13. Rd1 Qxd3 14. Rxd3 Ne4 15. 0-0 Nxc3 16. Rxc3 a5 17. e3 Ra6 18. Rfc1 f6 19. Nd2 Bd7 20. Ne4 Rb6 21. b3 Be8 22. Nc5 Rd6 23. Nxb7 Rxb7 24. Bxc6 Bxc6 25. Rxc6 Rxc6 26. Rxc6 Rxb3 27. Rxe6 Rxa3 28. Rc6 Ra1+ 29. Kg2 a4 30. Rxc7 a3 31. Ra7 a2 32. Kf3 Kh7 33. Ke4 Kg6 34. h4 Kh5 35. Kf5 g5 36. Ke6 gxh4 37. gxh4 Kxh4 38. d5 Kg4 39. d6 h5 40. d7 Rd1 41. Rxa2 Kf3 42. Ra4 Kxf2 43. Rd4 1-0